The Which? Book of Money (Record no. 22145)

MARC details
000 -LEADER
fixed length control field 00797nam a22003017a 4500
003 - CONTROL NUMBER IDENTIFIER
control field IBSLLIB
005 - DATE AND TIME OF LATEST TRANSACTION
control field 20260515072120.0
008 - FIXED-LENGTH DATA ELEMENTS--GENERAL INFORMATION
fixed length control field 260515b |||||||| |||| 00| 0 eng d
020 ## - INTERNATIONAL STANDARD BOOK NUMBER
International Standard Book Number 0340250496
040 ## - CATALOGING SOURCE
Original cataloging agency IBSLLIB
Language of cataloging English
041 ## - LANGUAGE CODE
Language code of original Eng
082 ## - DEWEY DECIMAL CLASSIFICATION NUMBER
Classification number 332
Item number CAV
100 ## - MAIN ENTRY--PERSONAL NAME
Personal name Cave , Kathryn (ed.)
245 ## - TITLE STATEMENT
Title The Which? Book of Money
260 ## - PUBLICATION, DISTRIBUTION, ETC. (IMPRINT)
Place of publication, distribution, etc. London :
Name of publisher, distributor, etc. Consumers' Associations ,
Date of publication, distribution, etc. 1980
300 ## - PHYSICAL DESCRIPTION
Extent 240 p ;
Other physical details ill ; con; Des;
Dimensions 26 cm
505 ## - FORMATTED CONTENTS NOTE
Formatted contents note Your work
505 ## - FORMATTED CONTENTS NOTE
Formatted contents note At Home and Away
505 ## - FORMATTED CONTENTS NOTE
Formatted contents note Your Family?
505 ## - FORMATTED CONTENTS NOTE
Formatted contents note Investing and Borrowing
505 ## - FORMATTED CONTENTS NOTE
Formatted contents note The State and you
650 ## - SUBJECT ADDED ENTRY--TOPICAL TERM
Topical term or geographic name as entry element Social science
650 ## - SUBJECT ADDED ENTRY--TOPICAL TERM
Topical term or geographic name as entry element Yourself
650 ## - SUBJECT ADDED ENTRY--TOPICAL TERM
Topical term or geographic name as entry element Insuring health
650 ## - SUBJECT ADDED ENTRY--TOPICAL TERM
Topical term or geographic name as entry element passing your money
700 ## - ADDED ENTRY--PERSONAL NAME
Personal name Wiesner , Helena
Relator term ed.
942 ## - ADDED ENTRY ELEMENTS (KOHA)
Koha item type Lending Book
Holdings
Withdrawn status Lost status Damaged status Not for loan Collection code Permanent Location Current Location Shelving location Date acquired Source of acquisition Inventory number Full call number Barcode Koha item type
        Lending Collection IBSL Library IBSL Library Lending Section 30/04/2026 Donation 10877 332 CAV 10877 Lending Book
Copyright © 2024 IBSL Library, All rights reserved.
mail to: library@ibsl.lk | Contact: 0112425735 | Library Address: IBSL Library, 80A, Elvitigala Mawatha, Colombo 008